| 000 | 00454pab a2200169 454500 | ||
|---|---|---|---|
| 008 | 180718b2011 xxu||||| |||| 00| 0 eng d | ||
| 100 | _aFaure, Michael G. | ||
| 245 | _aBehavioural economics in unfair contract terms cautions and considerations | ||
| 260 | _c2011 | ||
| 300 | _ap.337-358. | ||
| 362 | _aSep | ||
| 650 | _aBehavioural economics | ||
| 700 | _aLuth, Hanneke A. | ||
| 773 | _aJournal of Consumer Policy | ||
| 908 | _aN | ||
| 909 | _a93608 | ||
| 999 |
_c93608 _d93608 |
||